| 000 | 00324nam a2200133Ia 4500 | ||
|---|---|---|---|
| 008 | 230312s9999||||xx |||||||||||||| ||und|| | ||
| 082 |
_a658.45 _bHUS-I |
||
| 100 | _aHussan;Syed,Manzoor | ||
| 245 | 0 | _aInterpersonal Business Communication | |
| 260 |
_bMajeed _apk _c2015 |
||
| 300 | _a214 | ||
| 650 | _aManagement | ||
| 942 | _cBK | ||
| 999 |
_c4308 _d4308 |
||